Arbitration practice and procedure : interlocutory and hearing problems (Record no. 102037)

MARC details
000 -LEADER
fixed length control field 01040cam a2200253 4500
008 - FIXED-LENGTH DATA ELEMENTS--GENERAL INFORMATION
fixed length control field #DATE n2002 000 0 eng u
020 ## - INTERNATIONAL STANDARD BOOK NUMBER
International Standard Book Number 184311139X
035 ## - SYSTEM CONTROL NUMBER
System control number (Sirsi) u117627
041 ## - LANGUAGE CODE
Language code of text/sound track or separate title eng
050 ## - LIBRARY OF CONGRESS CALL NUMBER
Classification number 347.4109
-- 18
100 ## - MAIN ENTRY--PERSONAL NAME
Personal name Cato, D. Mark
245 ## - TITLE STATEMENT
Title Arbitration practice and procedure : interlocutory and hearing problems
250 ## - EDITION STATEMENT
Edition statement 3rd ed.
260 ## - PUBLICATION, DISTRIBUTION, ETC.
Place of publication, distribution, etc. London
Name of publisher, distributor, etc. Informa
Date of publication, distribution, etc. 2002
300 ## - PHYSICAL DESCRIPTION
Extent lxxxviii,1513p.
Dimensions 25cm.
350 ## - PRICE (NR) (BK AM CF MU VM SE) [OBSOLETE]
Price 250
490 ## - SERIES STATEMENT
Series statement Lloyd's Commercial Law Library
520 ## - SUMMARY, ETC.
Summary, etc. Third edition of this comprehensive legal text which sets out to provide practical guidance for arbitrators by printing examples of actual arbitrations with comments and citations. Arranged in alphabetical order by subject the book is endorsed by both RICS and the RIBA.
650 ## - SUBJECT ADDED ENTRY--TOPICAL TERM
Topical term or geographic name entry element MANAGEMENT-DISPUTE AVOIDANCE, MANAGEMENT AND RESOLUTION-DISPUTE MANAGEMENT AND RESOLUTION-ARBITRATION
650 ## - SUBJECT ADDED ENTRY--TOPICAL TERM
Topical term or geographic name entry element ARBITRATION LAW
650 ## - SUBJECT ADDED ENTRY--TOPICAL TERM
Topical term or geographic name entry element ARBITRATION PROCEEDINGS
690 ## - LOCAL SUBJECT ADDED ENTRY--TOPICAL TERM (OCLC, RLIN)
Topical term or geographic name as entry element Dispute resolution
9 (RLIN) 6236
942 ## - ADDED ENTRY ELEMENTS (KOHA)
Suppress in OPAC 0
Holdings
Withdrawn status Lost status Source of classification or shelving scheme Damaged status Not for loan Home library Current library Shelving location Date acquired Cost, normal purchase price Total Checkouts Full call number Barcode Date last seen Date last checked out Copy number Cost, replacement price Price effective from Koha item type
    Dewey Decimal Classification     London London Books 17/12/2002 250.00 41 347.4109 CAT 30068100 06/08/2019 04/01/2010 1 250.00 06/08/2019 Book